000 00476nam a2200157Ia 4500
005 20250329113351.0
008 231217s9999 xx 000 0 und d
020 _a9788131405444
082 _a658.723 JAY;1 R
100 _aJaya Krishna, S ed.
245 0 _aIcfai University Press on business process outsourcing : concepts and perspectives
260 _c2006
_bIcfai
_aHyderabad
300 _ax, 239
650 _aIcfai,Press,business,process,outsourcing
942 _cAA
999 _c188965
_d188965